Teaching Business English A case study in needs analysis /

Elmentve itt :
Bibliográfiai részletek
Szerző: Laczkó Viktória
További közreműködők: Szarvas Júlia (Témavezető)
Dokumentumtípus: Szakdolgozat
Megjelent: 2008
Tárgyszavak:
Online Access:http://diploma.bibl.u-szeged.hu/72536
LEADER 00562nta a2200157 i 4500
001 dipl72536
005 20190222130620.0
008 190222s2008 hu om 0|| eng d
040 |a SZTE Diploma Repozitórium  |b hun 
041 |a eng 
100 1 |a Laczkó Viktória 
245 1 0 |a Teaching Business English   |h [elektronikus dokumentum] :  |b A case study in needs analysis /  |c Viktória Laczkó 
260 |c 2008 
650 4 |a Pedagógusképzés 
700 1 |a Szarvas Júlia  |e ths 
856 4 0 |u http://diploma.bibl.u-szeged.hu/id/eprint/72536/1/2008_laczko_viktoria.pdf  |z Dokumentum-elérés